000 00568nam a22001817a 4500
003 OSt
005 20250621035000.0
008 250618b |||||||| |||| 00| 0 eng d
020 _a971-501-784-
040 _aDWCL - Main lib
_cOC
082 _aCirc. 158.21 M478b 1997
100 _aMcginiss, Alan Loy
245 _aThe balanced life:
_bachieving success in work and love/
_cAlan Loy Mcginnis
260 _aMinneapolis:
_bAugsburg Fortress,
_cc1997.
300 _b195 pages;
_c22cm.
650 _a1. Success--Psychological aspects.
942 _2ddc
_cBK-CIRC
_kCirc.
_n0
999 _c3149
_d3149